000
002870000a22000970004500
100
1
_a
Mouw, Richard J.
245
1
0
_a
Kuyper conference. Some reflections on sphere sovereignty
300
_a
Vol. 19, Num. 2 (1998), Páginas 160-182
773
0
_t
The Princeton Seminary Bulletin
942
_c
ANA
999
_c
56611
_d
56611